000 00444nam a2200169Ia 4500
008 230711s9999||||xx |||||||||||||| ||und||
020 _a0-8247-8085-X
041 _aENG
082 _a615.19
_bSE-P
100 _aSellassie,Isaac Ghebre
245 0 _aPharmaceutical Pelletization Technology Volume 37
250 _a1st Ed.
260 _c2010
_aNew York
_bInforma Healthcare Publications
300 _a274p.
650 _aPharmacy
942 _cBK
999 _c7249
_d7249